000 00241nam a2200097Ia 4500
008 200302s9999 xx 000 0 und d
100 _aAuthor
245 _aArchitecture Catalane 2004-2009 Portrait Depoque
260 _bPublisher
260 _c2009
999 _c2772
_d2772